[Event "Olympiad Women-36"]
[Site "Mallorca"]
[Date "2004.10.26"]
[Round "11.1"]
[White "Uskova, Fliura"]
[Black "Zapata, Karen"]
[Result "1/2-1/2"]
[WhiteElo "2314"]
[BlackElo "2162"]
[PlyCount "114"]
[EventDate "2004.10.15"]
[EventType "team-swiss"]
[EventRounds "14"]
[EventCountry "ESP"]
[SourceTitle "CBM 102 Extra"]
[Source "ChessBase"]
[SourceDate "2004.11.03"]
[SourceVersion "1"]
[SourceVersionDate "2004.11.03"]
[SourceQuality "1"]
[WhiteTeam "Kazakhstan (W)"]
[BlackTeam "Peru (W)"]
[WhiteTeamCountry "KAZ"]
[BlackTeamCountry "PER"]

1. e4 d6 2. d4 Nf6 3. Nc3 g6 4. h3 c6 5. a4 Nbd7 6. g3 Bg7 7. Bg2 e5 8. Be3 0-0 9. Nge2 a5 10. 0-0 Qc7 11. Qd2 b6 12. Rad1 Ba6 13. Rfe1 Rac8 14. g4 Rfd8 15. Ng3 b5 16. Bf1 Qb7 17. g5 b4 18. gxf6 bxc3 19. bxc3 Bxf1 20. Nxf1 Bxf6 21. Rb1 Qa6 22. Nh2 Bg7 23. Bg5 f6 24. Bh6 Nb6 25. Bxg7 Kxg7 26. Ng4 h5 27. Qh6+ Kf7 28. Qh7+ Ke6 29. Nh6 Rd7 30. Qxg6 Nc4 31. Kh1 Qa8 32. Rg1 d5 33. Qf5+ Kd6 34. Qxf6+ Kc7 35. exd5 Rf8 36. Qh4 Rf4 37. Qxh5 c5 38. Ng4 Qxd5+ 39. Rg2 exd4 40. Qxd5 Rxd5 41. cxd4 cxd4 42. Rg3 Nd2 43. Rc1 Ne4 44. Rd3 Rc5 45. Kg2 Rc4 46. Ra3 Rf5 47. Re1 Nc5 48. Re5 Rxe5 49. Nxe5 Rxc2 50. Kf3 Kd6 51. Nd3 Nxd3 52. Rxd3 Kd5 53. Rb3 Kc4 54. Rb5 Rc3+ 55. Ke2 Rxh3 56. Rxa5 d3+ 57. Ke1 Rf3 1/2-1/2

[Event "World-ch (Women) k.o."]
[Site "New Delhi"]
[Date "2000.11.27"]
[Round "1.1"]
[White "Matveeva, Svetlana"]
[Black "Uskova, Fliura"]
[Result "1-0"]
[WhiteElo "2440"]
[BlackElo "2285"]
[PlyCount "103"]
[EventDate "2000.11.27"]
[EventType "k.o."]
[EventRounds "6"]
[EventCountry "IND"]
[SourceTitle "CBM 079 Extra"]
[Source "ChessBase"]
[SourceDate "2001.01.11"]
[SourceVersion "2"]
[SourceVersionDate "2001.01.25"]
[SourceQuality "1"]

1. d4 e6 2. c4 c5 3. d5 exd5 4. cxd5 d6 5. Nc3 g6 6. e4 Bg7 7. Bd3 a6 8. a4 Ne7 9. Nge2 0-0 10. 0-0 f5 11. Nf4 Kh8 12. Bd2 fxe4 13. Nxe4 Nf5 14. Ne6 Bxe6 15. dxe6 Nc6 16. Ng5 Qe7 17. Nf7+ Rxf7 18. exf7 Qxf7 19. Rb1 Nfd4 20. Re1 Rf8 21. f4 b5 22. b3 d5 23. Kh1 c4 24. bxc4 bxc4 25. Bf1 a5 26. g3 Nf5 27. Bg2 c3 28. Bxc3 Bxc3 29. Bxd5 Qc7 30. Re4 Nd6 31. Re3 Bd4 32. Rd3 Nf5 33. Rc1 Ne3 34. Qf3 Nf5 35. Rxc6 Qg7 36. Be4 Rb8 37. Rc1 Nd6 38. Rcd1 Rb4 39. Bc6 Nf5 40. Re1 Qf7 41. Qe4 Kg7 42. Bd5 Qf8 43. Rb3 Bc3 44. Rxb4 axb4 45. Rd1 Qc5 46. Bb3 Nd4 47. Qb7+ Kh6 48. Bg8 Qc6+ 49. Qxc6 Nxc6 50. Rd7 Kh5 51. Rxh7+ Kg4 52. Be6+ 1-0

[Event "Olympiad Women-34"]
[Site "Istanbul"]
[Date "2000.11.05"]
[Round "8.1"]
[White "Hagesaether, Ellen"]
[Black "Uskova, Fliura"]
[Result "0-1"]
[WhiteElo "2044"]
[BlackElo "2285"]
[PlyCount "148"]
[EventDate "2000.10.28"]
[EventType "team-swiss"]
[EventRounds "14"]
[EventCountry "TUR"]
[SourceTitle "EXT 2001"]
[Source "ChessBase"]
[SourceDate "2000.11.22"]
[SourceVersion "1"]
[SourceVersionDate "2000.11.22"]
[SourceQuality "1"]
[WhiteTeam "Norway (W)"]
[BlackTeam "Kazakhstan (W)"]
[WhiteTeamCountry "NOR"]
[BlackTeamCountry "KAZ"]

1. e4 c5 2. Nf3 Nc6 3. d3 g6 4. g3 Bg7 5. Bg2 e5 6. 0-0 Nge7 7. c3 0-0 8. Nbd2 d6 9. a4 h6 10. Nc4 Be6 11. Nfd2 Qd7 12. Na3 Kh7 13. Ndc4 d5 14. exd5 Bxd5 15. Be3 Bxg2 16. Kxg2 Nf5 17. Qf3 Nxe3+ 18. Qxe3 Qd5+ 19. f3 Rad8 20. Rad1 Rd7 21. Qe4 Rfd8 22. Ne3 Qe6 23. g4 Bf6 24. Qc4 Qe7 25. Kh1 Bg5 26. Ng2 Qd6 27. Nc2 Kg7 28. Qe4 Qe6 29. Nce3 a6 30. h4 Bf6 31. h5 Qe7 32. Nc4 b5 33. axb5 axb5 34. Nce3 Nb8 35. hxg6 fxg6 36. f4 exf4 37. Nxf4 Qxe4+ 38. dxe4 Rxd1 39. Rxd1 Rxd1+ 40. Nxd1 Kf7 41. Kg2 Nc6 42. Nf2 Bg5 43. Nd5 c4 44. Nc7 Na7 45. Kf3 Bc1 46. Nd1 Kf6 47. Nd5+ Ke6 48. Nf4+ Bxf4 49. Kxf4 Nc6 50. Ne3 Ne5 51. Nd5 g5+ 52. Kg3 Kd6 53. Ne3 Nd3 54. Nd1 Kc5 55. Kf3 Ne5+ 56. Kg3 Kb6 57. Ne3 Nd3 58. Kf3 Kc5 59. Nd1 Ne5+ 60. Kg3 b4 61. Ne3 Nd3 62. Nd1 Kb5 63. cxb4 Kxb4 64. Kf3 Ne5+ 65. Ke3 Nxg4+ 66. Kd4 h5 67. e5 h4 68. e6 h3 69. e7 Nf6 70. Nf2 h2 71. Nh1 g4 72. Ke5 Ne8 73. Ke6 Kb3 74. Kf7 Nc7 0-1

[Event "Olympiad Women-34"]
[Site "Istanbul"]
[Date "2000.10.30"]
[Round "3.1"]
[White "Blazkova, Petra"]
[Black "Uskova, Fliura"]
[Result "1/2-1/2"]
[WhiteElo "2222"]
[BlackElo "2285"]
[PlyCount "62"]
[EventDate "2000.10.28"]
[EventType "team-swiss"]
[EventRounds "14"]
[EventCountry "TUR"]
[SourceTitle "EXT 2001"]
[Source "ChessBase"]
[SourceDate "2000.11.22"]
[SourceVersion "1"]
[SourceVersionDate "2000.11.22"]
[SourceQuality "1"]
[WhiteTeam "Czech Republic (W)"]
[BlackTeam "Kazakhstan (W)"]
[WhiteTeamCountry "CZE"]
[BlackTeamCountry "KAZ"]

1. e4 c5 2. c3 d5 3. exd5 Qxd5 4. d4 g6 5. dxc5 Qxc5 6. Be3 Qa5 7. Nf3 Bg7 8. Be2 Nf6 9. 0-0 Nc6 10. h3 0-0 11. Qb3 Rb8 12. Na3 Be6 13. Qb5 Qc7 14. Nd4 Bd7 15. Qc4 a6 16. Nac2 b5 17. Qc5 Ne4 18. Qa3 Nxd4 19. Nxd4 Nd6 20. Nf3 a5 21. Rac1 Rfe8 22. Rfd1 Nc4 23. Bxc4 bxc4 24. Rd5 a4 25. Rcd1 Bc6 26. R5d2 Qb7 27. Ne1 Rec8 28. Bc5 Bf6 29. Re2 Re8 30. Be3 e5 31. Bc5 Rbd8 1/2-1/2

[Event "Olympiad Women-32"]
[Site "Yerevan"]
[Date "1996.??.??"]
[Round "13"]
[White "Bojkovic, Natasa"]
[Black "Uskova, Fliura"]
[Result "1-0"]
[WhiteElo "2405"]
[BlackElo "2310"]
[PlyCount "62"]
[EventDate "1996.09.15"]
[EventType "team-swiss"]
[EventRounds "14"]
[EventCountry "ARM"]
[SourceTitle "EXT 1997"]
[Source "ChessBase"]
[SourceDate "1996.11.15"]
[SourceVersion "1"]
[SourceVersionDate "1996.11.15"]
[SourceQuality "1"]

1. e4 c5 2. c3 Nf6 3. e5 Nd5 4. Nf3 e6 5. d4 cxd4 6. cxd4 b6 7. Nc3 Nxc3 8. bxc3 d5 9. Bd3 Nc6 10. Ng5 g6 11. Qf3 Qe7 12. a4 h6 13. Nh3 Bd7 14. 0-0 Rc8 15. Ba6 Rb8 16. Nf4 Qd8 17. Bd3 Ne7 18. Ba3 Nf5 19. Bxf5 gxf5 20. Nh5 Bxa3 21. Nf6+ Kf8 22. Rxa3 Bc8 23. Re1 Ba6 24. Qf4 Bc4 25. Re3 b5 26. axb5 Rxb5 27. Re1 a5 28. h3 Bb3 29. h4 Ke7 30. Qg5 Qb8 31. Nxd5+ Kd7 1-0

[Event "RUS-Cup3"]
[Site "Omsk"]
[Date "1996.??.??"]
[Round "7"]
[White "Smikovski, Ivan"]
[Black "Uskova, Fliura"]
[Result "1/2-1/2"]
[WhiteElo "2545"]
[BlackElo "2310"]
[PlyCount "28"]
[EventDate "1996.12.13"]
[EventType "swiss"]
[EventRounds "9"]
[EventCountry "RUS"]
[SourceTitle "CBM 057"]
[Source "ChessBase"]
[SourceDate "1997.04.01"]
[SourceVersion "1"]
[SourceVersionDate "1997.04.01"]
[SourceQuality "1"]

1. e4 c5 2. Nf3 e6 3. d4 cxd4 4. Nxd4 Nc6 5. Nb5 d6 6. c4 Nf6 7. N5c3 Be7 8. g3 a6 9. Bg2 Bd7 10. Na3 0-0 11. 0-0 Rb8 12. Qe2 b5 13. cxb5 Nd4 14. Qd1 Nxb5 1/2-1/2

[Event "Olympiad Women-32"]
[Site "Yerevan"]
[Date "1996.??.??"]
[Round "14"]
[White "Uskova, Fliura"]
[Black "Ioseliani, Nana"]
[Result "1/2-1/2"]
[WhiteElo "2310"]
[BlackElo "2500"]
[PlyCount "28"]
[EventDate "1996.09.15"]
[EventType "team-swiss"]
[EventRounds "14"]
[EventCountry "ARM"]
[SourceTitle "EXT 1997"]
[Source "ChessBase"]
[SourceDate "1996.11.15"]
[SourceVersion "1"]
[SourceVersionDate "1996.11.15"]
[SourceQuality "1"]

1. e4 c5 2. Nf3 e6 3. d3 d5 4. Nbd2 Nc6 5. g3 Bd6 6. Bg2 Nge7 7. 0-0 0-0 8. Nh4 b6 9. f4 dxe4 10. Bxe4 Bb7 11. Nc4 Bc7 12. Ne3 f5 13. Bg2 Qd7 14. a4 a6 1/2-1/2

[Event "RUS-Cup3"]
[Site "Omsk"]
[Date "1996.??.??"]
[Round "1"]
[White "Uskova, Fliura"]
[Black "Kotsur, Pavel"]
[Result "1/2-1/2"]
[WhiteElo "2310"]
[BlackElo "2505"]
[PlyCount "20"]
[EventDate "1996.12.13"]
[EventType "swiss"]
[EventRounds "9"]
[EventCountry "RUS"]
[SourceTitle "CBM 057"]
[Source "ChessBase"]
[SourceDate "1997.04.01"]
[SourceVersion "1"]
[SourceVersionDate "1997.04.01"]
[SourceQuality "1"]

1. e4 c6 2. d4 d5 3. exd5 cxd5 4. Bd3 Nc6 5. c3 Nf6 6. Nf3 Bg4 7. Nbd2 e6 8. Nf1 Bd6 9. Ng3 Qc7 10. 0-0 0-0-0 1/2-1/2

[Event "Olympiad Women-32"]
[Site "Yerevan"]
[Date "1996.??.??"]
[Round "1"]
[White "Uskova, Fliura"]
[Black "Mahammadi, Sonia"]
[Result "1-0"]
[WhiteElo "2310"]
[BlackElo "2050"]
[PlyCount "69"]
[EventDate "1996.09.15"]
[EventType "team-swiss"]
[EventRounds "14"]
[EventCountry "ARM"]
[SourceTitle "EXT 1997"]
[Source "ChessBase"]
[SourceDate "1996.11.15"]
[SourceVersion "1"]
[SourceVersionDate "1996.11.15"]
[SourceQuality "1"]

1. Nf3 Nf6 2. g3 g6 3. b3 Bg7 4. Bb2 0-0 5. Bg2 d5 6. c4 c5 7. cxd5 Nxd5 8. Bxg7 Kxg7 9. 0-0 Nc6 10. Qc2 Qd6 11. Na3 Nd4 12. Nxd4 cxd4 13. Nb5 Qb6 14. Qc4 Bd7 15. Qxd4+ Qxd4 16. Nxd4 e6 17. Rfc1 Rac8 18. Kf1 Rfd8 19. Ke1 b6 20. Rc4 Rxc4 21. bxc4 Nb4 22. a3 Be8 23. axb4 Rxd4 24. d3 b5 25. Kd2 bxc4 26. Kc3 Rd7 27. Bc6 Rd8 28. Bxe8 Rxe8 29. dxc4 Re7 30. c5 Rc7 31. Kc4 Rd7 32. Ra2 a6 33. c6 Rd8 34. Rxa6 Rd2 35. Ra3 1-0

[Event "RUS-Cup3"]
[Site "Omsk"]
[Date "1996.??.??"]
[Round "8"]
[White "Uskova, Fliura"]
[Black "Zemerov, Vladimir"]
[Result "1-0"]
[WhiteElo "2310"]
[BlackElo "2400"]
[PlyCount "51"]
[EventDate "1996.12.13"]
[EventType "swiss"]
[EventRounds "9"]
[EventCountry "RUS"]
[SourceTitle "CBM 057"]
[Source "ChessBase"]
[SourceDate "1997.04.01"]
[SourceVersion "1"]
[SourceVersionDate "1997.04.01"]
[SourceQuality "1"]

1. e4 c5 2. Nf3 e6 3. d3 Nc6 4. g3 g6 5. Bg2 Bg7 6. 0-0 Nge7 7. Nbd2 d5 8. exd5 exd5 9. Nb3 b6 10. c3 0-0 11. d4 c4 12. Nbd2 Bf5 13. Ne1 Qd7 14. Nc2 Bh3 15. Bxh3 Qxh3 16. Ne3 Nf5 17. Ng2 Nfe7 18. Re1 Qd7 19. Nf1 Nf5 20. Nfe3 Nxe3 21. Nxe3 b5 22. Qf3 Rfd8 23. Nxd5 Re8 24. Bg5 f5 25. Nf6+ Bxf6 26. Bxf6 1-0

[Event "Asia-chT fin 01st (Women)"]
[Site "Singapore"]
[Date "1995.12.20"]
[Round "7"]
[White "Sulistya, Maria Lucia Ratna"]
[Black "Uskova, Fliura"]
[Result "1-0"]
[WhiteElo "2190"]
[BlackElo "2310"]
[PlyCount "67"]
[EventDate "1995.12.14"]
[EventType "team"]
[EventRounds "9"]
[EventCountry "SIN"]
[SourceTitle "EXT 1998"]
[Source "ChessBase"]
[SourceDate "1997.11.17"]
[SourceVersion "1"]
[SourceVersionDate "1997.11.17"]
[SourceQuality "1"]
[WhiteTeam "Indonesia (W)"]
[BlackTeam "Kazakhstan (W)"]
[WhiteTeamCountry "INA"]
[BlackTeamCountry "KAZ"]

1. e4 c5 2. Nf3 e6 3. d4 cxd4 4. Nxd4 Nc6 5. Nc3 Qc7 6. a3 a6 7. Be3 b5 8. Nxc6 Qxc6 9. Bd3 Bb7 10. f3 d6 11. Qe2 Qc7 12. 0-0 Nf6 13. Rad1 Be7 14. f4 0-0 15. Rf3 d5 16. exd5 Nxd5 17. Rh3 g6 18. Nxd5 Bxd5 19. Qf2 f5 20. Bd4 Bf6 21. Bxf6 Rxf6 22. Qd4 Rf7 23. Re3 Qc6 24. Rd2 Rc8 25. Be2 Bxg2 26. Rc3 Qxc3 27. bxc3 Bd5 28. a4 bxa4 29. Qxa4 Rxc3 30. Bxa6 Rfc7 31. Bd3 Rc8 32. Rd1 Ra8 33. Qd4 Rca3 34. Rb1 1-0

[Event "Cappelle op 11th"]
[Site "Cappelle la Grande"]
[Date "1995.??.??"]
[Round "5"]
[White "Uskova, Fliura"]
[Black "Muhutdinov, Marat"]
[Result "0-1"]
[WhiteElo "2215"]
[BlackElo "2485"]
[PlyCount "124"]
[EventDate "1995.03.??"]
[EventType "swiss"]
[EventRounds "9"]
[EventCountry "FRA"]
[SourceTitle "EXT 1997"]
[Source "ChessBase"]
[SourceDate "1996.11.15"]
[SourceVersion "1"]
[SourceVersionDate "1996.11.15"]
[SourceQuality "1"]

1. e4 c5 2. Nf3 d6 3. Bb5+ Nc6 4. d4 cxd4 5. Qxd4 Bd7 6. Bxc6 Bxc6 7. c4 f5 8. Nfd2 e5 9. Qd3 Qh4 10. Nc3 Nf6 11. 0-0 fxe4 12. Qg3 Qxg3 13. hxg3 e3 14. fxe3 Be7 15. b3 Bd8 16. Nf3 Bb6 17. Bd2 0-0-0 18. Kh1 Rhe8 19. Rad1 d5 20. cxd5 Nxd5 21. Nxd5 Rxd5 22. e4 Rd3 23. Kh2 a5 24. Rc1 Kb8 25. Bc3 Ka7 26. Rfd1 Rxd1 27. Rxd1 Re6 28. g4 Bxe4 29. Ng5 Rh6+ 30. Kg3 Bc2 31. Rd2 Bb1 32. Rb2 Bd3 33. Bxe5 Rc6 34. Nf3 g6 35. Rd2 Bb1 36. Kf4 Ka6 37. Rb2 Rc1 38. Rd2 Bc5 39. Bd6 Kb5 40. a3 b6 41. Ke5 Rc3 42. Nd4+ Bxd4+ 43. Rxd4 Rxb3 44. Kf6 Re3 45. g5 Kc6 46. Bf8 Re2 47. g3 Re3 48. Rc4+ Kd5 49. Rc7 Rf3+ 50. Kg7 Rxg3 51. Be7 Rh3 52. Rb7 Kc6 53. Rb8 Kc7 54. Rh8 Kd7 55. Bf8 Kc6 56. Rxh7 Rxh7+ 57. Kxh7 Kb5 58. Kg7 Kc4 59. Kf6 b5 60. Ke5 b4 61. axb4 axb4 62. Kf4 b3 0-1

[Event "Cappelle op 11th"]
[Site "Cappelle la Grande"]
[Date "1995.??.??"]
[Round "1"]
[White "Uskova, Fliura"]
[Black "Petran, Pal"]
[Result "1-0"]
[WhiteElo "2215"]
[BlackElo "2470"]
[PlyCount "101"]
[EventDate "1995.03.??"]
[EventType "swiss"]
[EventRounds "9"]
[EventCountry "FRA"]
[SourceTitle "EXT 1997"]
[Source "ChessBase"]
[SourceDate "1996.11.15"]
[SourceVersion "1"]
[SourceVersionDate "1996.11.15"]
[SourceQuality "1"]

1. e4 g6 2. d4 Bg7 3. Nf3 d6 4. c3 Nf6 5. Bd3 0-0 6. 0-0 Nbd7 7. h3 e5 8. Nbd2 Nh5 9. Re1 Qe7 10. a4 h6 11. Bf1 Re8 12. Nc4 Nb6 13. a5 Nxc4 14. Bxc4 a6 15. Qb3 Qf6 16. Re3 Nf4 17. dxe5 dxe5 18. Nh2 h5 19. Rf3 Rf8 20. Be3 Qg5 21. Rg3 Qe7 22. Bxf4 exf4 23. Rxg6 Kh7 24. Rxg7+ Kxg7 25. Nf3 c6 26. e5 Be6 27. Re1 Kh8 28. Re4 Rg8 29. Rxf4 Bxh3 30. Rxf7 Rxg2+ 31. Kh1 Qd8 32. Qc2 Rg7 33. Rf6 Qd7 34. Rh6+ Rh7 35. Rxh7+ Qxh7 36. Qxh7+ Kxh7 37. Ng5+ Kg6 38. Nxh3 Rd8 39. Kg2 Kf5 40. e6 h4 41. Kf3 Kf6 42. Nf4 Rd1 43. Kg4 Rb1 44. Nh5+ Ke7 45. f4 Rxb2 46. f5 h3 47. f6+ Kd6 48. Kxh3 Rc2 49. e7 Rxc3+ 50. Kg2 Re3 51. Ng7 1-0

[Event "Olympiad Women-31"]
[Site "Moscow"]
[Date "1994.12.12"]
[Round "11"]
[White "Arakhamia Grant, Ketevan"]
[Black "Uskova, Fliura"]
[Result "1/2-1/2"]
[WhiteElo "2450"]
[BlackElo "2250"]
[PlyCount "96"]
[EventDate "1994.12.01"]
[EventType "team-swiss"]
[EventRounds "14"]
[EventCountry "RUS"]
[SourceTitle "EXT 2019"]
[Source "ChessBase"]
[SourceDate "2018.10.10"]
[SourceVersion "1"]
[SourceVersionDate "2018.10.10"]
[SourceQuality "1"]
[WhiteTeam "Georgia (W)"]
[BlackTeam "Kazakhstan (W)"]
[WhiteTeamCountry "GEO"]
[BlackTeamCountry "KAZ"]

1. e4 c5 2. Nf3 e6 3. d4 cxd4 4. Nxd4 Nc6 5. Nc3 Qc7 6. Be2 a6 7. 0-0 Nf6 8. Nxc6 bxc6 9. f4 d5 10. e5 Nd7 11. b3 Be7 12. Na4 c5 13. c4 d4 14. Bf3 Rb8 15. Bd2 Bb7 16. Bxb7 Qxb7 17. Qg4 g6 18. Rae1 h5 19. Qh3 Kf8 20. Nb2 Kg7 21. Nd3 Qc6 22. Re2 Ra8 23. Be1 h4 24. Qg4 Rh5 25. Rf3 a5 26. Rh3 a4 27. Bxh4 Bxh4 28. Rxh4 Rxh4 29. Qxh4 axb3 30. axb3 Ra3 31. f5 Ra1+ 32. Kf2 exf5 33. Nf4 d3 34. Nxd3 Nf8 35. Qf6+ Qxf6 36. exf6+ Kxf6 37. Nxc5 Rb1 38. Re1 Rb2+ 39. Re2 Rb1 40. Re3 g5 41. Na4 Ne6 42. c5 Nd4 43. Nc3 Rb2+ 44. Kf1 f4 45. Nd5+ Kf5 46. Ne7+ Kf6 47. Nd5+ Kf5 48. Ne7+ Kf6 1/2-1/2

[Event "Olympiad Women-31"]
[Site "Moscow"]
[Date "1994.12.10"]
[Round "9"]
[White "Velikhanli, Firuza"]
[Black "Uskova, Fliura"]
[Result "1/2-1/2"]
[WhiteElo "2315"]
[BlackElo "2250"]
[PlyCount "97"]
[EventDate "1994.12.01"]
[EventType "team-swiss"]
[EventRounds "14"]
[EventCountry "RUS"]
[SourceTitle "EXT 2019"]
[Source "ChessBase"]
[SourceDate "2018.10.10"]
[SourceVersion "1"]
[SourceVersionDate "2018.10.10"]
[SourceQuality "1"]
[WhiteTeam "Azerbaijan (W)"]
[BlackTeam "Kazakhstan (W)"]
[WhiteTeamCountry "AZE"]
[BlackTeamCountry "KAZ"]

1. e4 c5 2. Nf3 e6 3. d4 cxd4 4. Nxd4 Nc6 5. Nc3 Qc7 6. Be2 a6 7. 0-0 Nf6 8. Kh1 Bb4 9. Bg5 Be7 10. f4 d6 11. Qd2 0-0 12. Rad1 Rd8 13. Qe3 h6 14. Nxc6 bxc6 15. Bxf6 Bxf6 16. e5 Be7 17. exd6 Rxd6 18. Bd3 Rb8 19. b3 c5 20. Qe4 g6 21. Qe3 Bb7 22. Ne4 Bxe4 23. Qxe4 Rbd8 24. Qf3 a5 25. a4 Rd4 26. Rde1 Bd6 27. Re4 Rxe4 28. Qxe4 Bf8 29. g4 Rd4 30. Qf3 Bd6 31. f5 Rf4 32. Qa8+ Kg7 33. Rxf4 Bxf4 34. fxg6 Bxh2 35. gxf7 Kxf7 36. Qh8 Bf4 37. Qh7+ Kf6 38. Qg6+ Ke7 39. Qg7+ Kd6 40. Qf8+ Ke5 41. Qh8+ Kd6 42. Be4 Bg5 43. Kg2 Ke7 44. Qg7+ Kd6 45. Qf8+ Qe7 46. Qb8+ Qc7 47. Qe8 Qd7 48. Qa8 Qc7 49. Qf8+ 1/2-1/2

[Event "Olympiad Women-31"]
[Site "Moscow"]
[Date "1994.12.09"]
[Round "8"]
[White "Uskova, Fliura"]
[Black "Peng, Zhaoqin"]
[Result "1-0"]
[WhiteElo "2250"]
[BlackElo "2370"]
[PlyCount "59"]
[EventDate "1994.12.01"]
[EventType "team-swiss"]
[EventRounds "14"]
[EventCountry "RUS"]
[SourceTitle "EXT 2019"]
[Source "ChessBase"]
[SourceDate "2018.10.10"]
[SourceVersion "1"]
[SourceVersionDate "2018.10.10"]
[SourceQuality "1"]
[WhiteTeam "Kazakhstan (W)"]
[BlackTeam "China (W)"]
[WhiteTeamCountry "KAZ"]
[BlackTeamCountry "CHN"]

1. e4 c5 2. Nf3 d6 3. Bb5+ Bd7 4. Bxd7+ Nxd7 5. d4 cxd4 6. Qxd4 Ngf6 7. c4 g6 8. Nc3 Bg7 9. 0-0 0-0 10. Bd2 a6 11. Qd3 Rc8 12. Qe2 Qc7 13. b3 e6 14. Rac1 Ng4 15. Rfd1 Nge5 16. Nxe5 Nxe5 17. Be3 Qc6 18. f3 Rfd8 19. a4 Nd7 20. Nb5 axb5 21. cxb5 Qxc1 22. Rxc1 Rxc1+ 23. Bxc1 Rc8 24. Be3 Bc3 25. b6 Kf8 26. a5 Nb8 27. Qd3 Ke7 28. Bd2 Bb2 29. b4 Kd7 30. b5 1-0

[Event "Baile Herculane (Women)"]
[Site "Baile Herculane"]
[Date "1994.??.??"]
[Round "5"]
[White "Baumstark, Gertrude"]
[Black "Uskova, Fliura"]
[Result "1/2-1/2"]
[WhiteElo "2135"]
[BlackElo "2255"]
[PlyCount "35"]
[EventDate "1994.??.??"]
[EventType "tourn"]
[EventRounds "11"]
[EventCountry "ROU"]
[SourceTitle "EXT 1997"]
[Source "ChessBase"]
[SourceDate "1996.11.15"]
[SourceVersion "1"]
[SourceVersionDate "1996.11.15"]
[SourceQuality "1"]

1. e4 c5 2. Nf3 e6 3. Nc3 a6 4. d4 cxd4 5. Nxd4 Qc7 6. Be2 Nf6 7. 0-0 Bb4 8. Qd3 Nc6 9. Nxc6 bxc6 10. Bg5 d5 11. Bxf6 gxf6 12. Na4 Bd6 13. h3 Bb7 14. Bf3 0-0 15. c4 dxc4 16. Qxc4 c5 17. Rac1 Bc6 18. e5 1/2-1/2

[Event "Baile Herculane (Women)"]
[Site "Baile Herculane"]
[Date "1994.??.??"]
[Round "6"]
[White "Uskova, Fliura"]
[Black "Mereacre, Natasa"]
[Result "1-0"]
[WhiteElo "2255"]
[BlackElo "2115"]
[PlyCount "65"]
[EventDate "1994.??.??"]
[EventType "tourn"]
[EventRounds "11"]
[EventCountry "ROU"]
[SourceTitle "EXT 1997"]
[Source "ChessBase"]
[SourceDate "1996.11.15"]
[SourceVersion "1"]
[SourceVersionDate "1996.11.15"]
[SourceQuality "1"]

1. Nf3 d5 2. g3 g6 3. Bg2 Bg7 4. c4 Nf6 5. 0-0 0-0 6. cxd5 Nxd5 7. d4 c6 8. Nc3 Nd7 9. Bg5 N7f6 10. Ne5 Ng4 11. Nxg4 Bxg4 12. Qd2 Nb6 13. Rfd1 Qd7 14. Ne4 Rfd8 15. Qc2 Nd5 16. Nc5 Qc7 17. h3 Bc8 18. e4 Nb4 19. Qc4 a5 20. a3 Na6 21. Rac1 Qd6 22. e5 Qc7 23. b4 axb4 24. axb4 h6 25. Bf4 Qb6 26. Ra1 Nc7 27. Rxa8 Nxa8 28. e6 f5 29. Nd7 Bxd7 30. exd7+ Kh8 31. Qe6 Qxb4 32. Qxg6 Rg8 33. Qxf5 1-0

[Event "Baile Herculane (Women)"]
[Site "Baile Herculane"]
[Date "1994.??.??"]
[Round "4"]
[White "Uskova, Fliura"]
[Black "Teodorescu, Margareta"]
[Result "1-0"]
[WhiteElo "2255"]
[BlackElo "2095"]
[PlyCount "49"]
[EventDate "1994.??.??"]
[EventType "tourn"]
[EventRounds "11"]
[EventCountry "ROU"]
[SourceTitle "EXT 1997"]
[Source "ChessBase"]
[SourceDate "1996.11.15"]
[SourceVersion "1"]
[SourceVersionDate "1996.11.15"]
[SourceQuality "1"]

1. e4 c5 2. Nf3 Nc6 3. g3 g6 4. d4 cxd4 5. Nxd4 Bg7 6. Ne2 Nf6 7. Nbc3 d6 8. Bg2 Be6 9. 0-0 0-0 10. h3 Rc8 11. Nd5 Bxd5 12. exd5 Nb4 13. c3 Na6 14. Be3 Nc5 15. a4 a5 16. Nd4 Re8 17. Nb5 Bf8 18. b4 Na6 19. Qb3 Nd7 20. Rfd1 Bg7 21. Rac1 axb4 22. cxb4 Rxc1 23. Rxc1 Qb8 24. Na7 h5 25. Bf1 1-0

[Event "Baile Herculane (Women)"]
[Site "Baile Herculane"]
[Date "1994.??.??"]
[Round "3"]
[White "Zatonskih, Anna"]
[Black "Uskova, Fliura"]
[Result "1/2-1/2"]
[WhiteElo "2135"]
[BlackElo "2255"]
[PlyCount "21"]
[EventDate "1994.??.??"]
[EventType "tourn"]
[EventRounds "11"]
[EventCountry "ROU"]
[SourceTitle "EXT 1997"]
[Source "ChessBase"]
[SourceDate "1996.11.15"]
[SourceVersion "1"]
[SourceVersionDate "1996.11.15"]
[SourceQuality "1"]

1. e4 c5 2. Nc3 Nc6 3. g3 g6 4. Bg2 Bg7 5. d3 e6 6. Be3 d6 7. f4 Nge7 8. Nf3 Nd4 9. 0-0 0-0 10. Qd2 Rb8 11. Nd1 1/2-1/2

[Event "Jakarta Interzonal (Women)"]
[Site "Jakarta"]
[Date "1993.??.??"]
[Round "?"]
[White "Csoke, Adrienn"]
[Black "Uskova, Fliura"]
[Result "1-0"]
[WhiteElo "2235"]
[BlackElo "2260"]
[PlyCount "145"]
[EventDate "1993.07.??"]
[EventType "swiss"]
[EventRounds "13"]
[EventCountry "INA"]
[SourceTitle "EXT 1997"]
[Source "ChessBase"]
[SourceDate "1996.11.15"]
[SourceVersion "1"]
[SourceVersionDate "1996.11.15"]
[SourceQuality "1"]

1. e4 c5 2. Nf3 Nc6 3. Bb5 g6 4. Bxc6 dxc6 5. h3 Bg7 6. 0-0 Nf6 7. Nc3 0-0 8. d3 Nd7 9. Be3 e5 10. Qd2 Re8 11. Nh2 h5 12. Bh6 Bh8 13. f4 exf4 14. Qxf4 Ne5 15. Ne2 f6 16. Qh4 Be6 17. Bd2 Bf7 18. Bc3 b6 19. Qg3 Bg7 20. Nf3 Nd7 21. Nh4 Kh7 22. Nf4 Bh8 23. Nf3 g5 24. Ne2 Rg8 25. Qh2 Qb8 26. g4 Qxh2+ 27. Kxh2 hxg4 28. hxg4 Be6 29. Kg3 Kg6 30. Ne1 Bg7 31. Ng2 Bf8 32. Ne3 Bd6+ 33. Kg2 Be5 34. Nf5 Rh8 35. Rh1 Bxc3 36. Nxc3 Ne5 37. Kg3 Kf7 38. Raf1 b5 39. a3 b4 40. Na4 Nd7 41. Nd6+ Ke7 42. Nb7 c4 43. d4 c3 44. axb4 cxb2 45. Nxb2 Rab8 46. Na5 Kd6 47. Nbc4+ Kc7 48. c3 Rbe8 49. Nd2 Kb6 50. Nac4+ Kc7 51. Nb2 Kb6 52. Ra1 Kb7 53. Nbc4 Kb8 54. Nd6 Rd8 55. Rxh8 Rxh8 56. Nf3 Nb6 57. Rf1 Kc7 58. Nf5 Bxf5 59. gxf5 Na4 60. Rc1 Kd6 61. Kg4 a6 62. e5+ Ke7 63. Ra1 Nxc3 64. Rxa6 Nd5 65. Ra7+ Kf8 66. exf6 Nxf6+ 67. Kxg5 Nd5 68. Ra8+ Kg7 69. f6+ Kh7 70. Ra7+ Kg8 71. Ne5 Rh1 72. Rg7+ Kf8 73. Ng6+ 1-0